Environmental problems in Eastern Europe

Αποθηκεύτηκε σε:
Λεπτομέρειες βιβλιογραφικής εγγραφής
Άλλοι συγγραφείς: Carter, Francis W. (Επιμελητής έκδοσης), Turnock, David (Επιμελητής έκδοσης)
Μορφή: Βιβλίο
Γλώσσα:English
Δημοσίευση: London : Routledge, c1996
Σειρά:Routledge natural environment-problems and management series
Θέματα:
Ετικέτες: Προσθήκη ετικέτας
Δεν υπάρχουν, Καταχωρήστε ετικέτα πρώτοι!

MARC

LEADER 00000nam a2200000 i 4500
001 1/69984
008 981111s1993 eng d
020 |a 0-415-13757-8 
035 |l 10030513 
040 |a GR-MY-UA  |b gre  |e aacr 
041 0 |a eng 
082 0 |a 363.7320947 
245 1 0 |a Environmental problems in Eastern Europe /  |c Edited by F. W. Carter; D. Turnock 
260 |a London :   |b Routledge,   |c c1996 
300 |a 291 p.  |b tabl.; fig. 
490 1 |a Routledge natural environment-problems and management series 
504 |a Includes bibliographical references and index 
650 0 0 |a Pollution  |z Europe, Eastern  |x History  |y 20th century. 
650 0 0 |a Transboundary pollution  |z Europe, Eastern  |x History  |y 20th century. 
650 0 0 |a Environmental health  |z Europe, Eastern  |x History  |y 20th century. 
650 0 0 |a Pollution  |z Europe, Eastern  |x Case studies. 
700 1 |a Carter, Francis W.  |4 edt 
700 1 |a Turnock, David.  |4 edt 
830 0 |a Routledge natural environment-problems and management series 
852 |a INST  |b LESVOS  |e 19981111  |h 363.7320947 ENV  |p 005100017753  |q 005100017753  |t BK  |y 0 
901 |a BIBL-1999-1 
909 |a Λ  |b 059793 
922 |a 1ΕΛΗ  |b 199810  |c ΚΠΣ/ΤΠ  |d ΠΑΠΑΣΩΤΗΡΙΟΥ 
950 |a 118-1998-07-21